00446nam a2200193Ia 4500008004100000020001800041050001400059100001800073245001800091245001800109260001500127260002200142260000900164300001500173300002700188300001000215440001900225500000800244170918s9999 xx 000 0 und d a9780516278841 bE191 2003 aEckart, Edana aGiant panda / cEdana Eckart. aNew York : bChildren's Press, c2003 a24 pages : bcolored illustration ; c15cm. aWelcome books. a490